000 00284nam a2200121Ia 4500
008 240624s9999 xx 000 0 und d
041 _aeng
082 _a658.8 TRE
100 _aTREACY MICHAEL
245 _aDISCIPLINE OF MARKET LEADERS CHOOSE YOUR
260 _c1997
365 _c
_b30
999 _c27959
_d27959